| 000 | 00811nam a22002057a 4500 | ||
|---|---|---|---|
| 999 |
_c19970 _d19970 |
||
| 003 | AR-CdUCM | ||
| 008 | 190524b ||||| |||| 00| 0 spa d | ||
| 040 |
_aMUNICIPALIDAD PROVINCIAL DEL CUSCO _cBIBLIOTECA MUNICIPAL DEL CUSCO |
||
| 082 |
_a636.084 / _bG27 |
||
| 100 |
_aGaztambide Arrillaga, Carlos _941782 |
||
| 245 | _aAlimentación de los animales en los trópicos / | ||
| 260 |
_aMéxico D. F. : _bDiana, _c1975 |
||
| 300 |
_a275 páginas ; _c23 cm. |
||
| 505 | _aContenido: Principios de alimentación del ganado vacuno -- La alimentación de la vaca -- las yerbas forrajeras -- Alimentos ricos en hidratos de carbono... | ||
| 650 |
_aAlimentación del vacuno _941783 |
||
| 650 |
_aAnimales del trópico _941784 |
||
| 650 |
_aGanado vacuno _923879 |
||
| 942 |
_2ddc _cLIBROS |
||
| 945 |
_aAndy _d2019-05-24 |
||